[Event "zonal 1.1 (w)"]
[Site "Chambery FRA"]
[Date "1995.08.??"]
[Round "1"]
[White "De Kleuver, Esther"]
[Black "Wuts, Helene"]
[Result "1-0"]
[WhiteElo "2155"]
[BlackElo "2130"]
[EventDate "1995.08.04"]
[PlyCount "77"]

1.e4 e6 2.d4 d5 3.Nc3 Nf6 4.exd5 exd5 5.Bg5 Be7 6.Bd3 Bg4 7.Nge2 Qd7 8.Qd2
Bf5 9.Bxf5 Qxf5 10.O-O-O O-O 11.Ng3 Qd7 12.Rhe1 Nc6 13.Qf4 Bd8 14.Nf5 Kh8 
15.Nxg7 Qg4 16.Nf5 Qxf4+ 17.Bxf4 Nb4 18.a3 Na6 19.Be5 c6 20.g4 h6 21.Nxh6 
Kh7 22.Bd6 Bc7 23.Bxf8 Rxf8 24.Nf5 Nxg4 25.Kb1 b5 26.f3 Nf6 27.Rg1 Nh5 28.
Rg5 Nf4 29.Rg7+ Kh8 30.Rdg1 Bd8 31.Nh6 Nh3 32.R1g2 Ng5 33.R2xg5 Bxg5 34.
Rxg5 b4 35.axb4 Nxb4 36.b3 f6 37.Rh5 Kg7 38.Nf5+ Kg6 39.Ng3 1-0

[Event "zonal 1.1 (w)"]
[Site "Chambery FRA"]
[Date "1995.08.??"]
[Round "1"]
[White "Riegler, Alessandra"]
[Black "Regan, Natasha"]
[Result "0-1"]
[WhiteElo "2000"]
[BlackElo "2140"]
[EventDate "1995.08.04"]
[PlyCount "64"]

1.e4 Nf6 2.Nc3 e5 3.Nf3 Bb4 4.d3 Nc6 5.Be2 d5 6.exd5 Nxd5 7.Bd2 Nf4 8.O-O 
O-O 9.Re1 Nxe2+ 10.Qxe2 f6 11.Ne4 Be7 12.Ng3 Bg4 13.Qe4 Be6 14.Nf5 Bc5 15.
c3 Qd7 16.N3h4 Ne7 17.Nxe7+ Bxe7 18.d4 Rae8 19.g3 f5 20.Qxe5 Bxh4 21.gxh4 
Bd5 22.Qg3 Re4 23.Bf4 Rf6 24.h5 h6 25.f3 Rxe1+ 26.Rxe1 Qf7 27.Qh3 Bxa2 28.
Kf2 Bc4 29.Be5 Rb6 30.b4 Ra6 31.Rg1 Ra2+ 32.Ke3 f4+ 0-1

[Event "zonal 1.1 (w)"]
[Site "Chambery FRA"]
[Date "1995.08.??"]
[Round "1"]
[White "Calzetta Ruiz, Monica"]
[Black "Cuevas Rodriguez, Maria Luisa"]
[Result "1-0"]
[WhiteElo "2130"]
[BlackElo "2245"]
[EventDate "1995.08.04"]
[PlyCount "81"]

1.e4 e5 2.Nf3 Nc6 3.Bb5 a6 4.Ba4 Nf6 5.Qe2 b5 6.Bb3 Bc5 7.c3 O-O 8.d3 d6 
9.Bg5 Be6 10.Nbd2 Qe7 11.Bd5 Bd7 12.Nh4 Rae8 13.Nf5 Bxf5 14.exf5 Nb8 15.
Ne4 c6 16.Nxf6+ gxf6 17.Bh6 Kh8 18.Bxf8 Qxf8 19.Bb3 d5 20.Qh5 a5 21.a4 b4 
22.O-O Qg7 23.cxb4 Rg8 24.g3 Bxb4 25.Rac1 Qf8 26.Rc2 Rg5 27.Qh3 Qd6 28.
Rfc1 Rg8 29.Qh5 Qd7 30.h4 Re8 31.f3 Rg8 32.g4 e4 33.dxe4 dxe4 34.Qxf7 Qd4+
35.Kh1 Rf8 36.Qc4 Qe3 37.fxe4 Qh3+ 38.Kg1 Qg3+ 39.Rg2 Qe3+ 40.Kf1 Rd8 41.
Rc3 1-0

[Event "zonal 1.1 (w)"]
[Site "Chambery FRA"]
[Date "1995.08.??"]
[Round "2"]
[White "Etchegaray, Malina"]
[Black "De Kleuver, Esther"]
[Result "1/2-1/2"]
[WhiteElo "2175"]
[BlackElo "2155"]
[EventDate "1995.08.04"]
[PlyCount "46"]

1.d4 Nf6 2.c4 e6 3.Nc3 Bb4 4.Qc2 O-O 5.a3 Bxc3+ 6.Qxc3 b6 7.Bg5 Bb7 8.f3 
h6 9.Bh4 d5 10.e3 Nbd7 11.cxd5 Nxd5 12.Bxd8 Nxc3 13.Bh4 Nd5 14.Bf2 f5 15.
Bb5 c6 16.Bc4 c5 17.dxc5 Nxc5 18.Ne2 Rac8 19.O-O a6 20.Rfd1 Nd7 21.Bb3 
N7f6 22.Nd4 Rfe8 23.h3 g6 1/2-1/2

[Event "zonal 1.1 (w)"]
[Site "Chambery FRA"]
[Date "1995.08.??"]
[Round "2"]
[White "Wuts, Helene"]
[Black "Riegler, Alessandra"]
[Result "1-0"]
[WhiteElo "2130"]
[BlackElo "2000"]
[EventDate "1995.08.04"]
[PlyCount "51"]

1.e4 c5 2.Nc3 Nc6 3.g3 Nf6 4.Bg2 g6 5.d3 Bg7 6.f4 d6 7.Nf3 O-O 8.O-O Bd7 
9.h3 a6 10.Rb1 b5 11.Nh4 Rb8 12.f5 Nh5 13.Ne2 Nd4 14.fxg6 Nxe2+ 15.Qxe2 
Nxg3 16.gxh7+ Kxh7 17.Qf3 Nxf1 18.Qh5+ Kg8 19.Bh6 e5 20.Rxf1 Bxh6 21.Qxh6 
Re8 22.Rf3 f6 23.Rxf6 Re6 24.Qg5+ Kh8 25.Qh5+ Kg8 26.Qf7+ 1-0

[Event "zonal 1.1 (w)"]
[Site "Chambery FRA"]
[Date "1995.08.??"]
[Round "2"]
[White "Regan, Natasha"]
[Black "Lauterbach, Ingrid"]
[Result "1/2-1/2"]
[WhiteElo "2140"]
[BlackElo "2175"]
[EventDate "1995.08.04"]
[PlyCount "48"]

1.e4 d6 2.d4 Nf6 3.Nc3 g6 4.Be3 c6 5.h3 b5 6.e5 Ng8 7.Qd2 Bg7 8.Nf3 a6 9.
Bd3 Bb7 10.exd6 exd6 11.O-O-O Nf6 12.Bg5 O-O 13.h4 Qa5 14.h5 b4 15.Ne4 
Nxe4 16.Bxe4 f5 17.Bd3 c5 18.dxc5 Bd5 19.Qf4 Bxb2+ 20.Kxb2 Qa3+ 21.Kb1 
Bxa2+ 22.Ka1 Bf7+ 23.Kb1 Ba2+ 24.Ka1 Bf7+ 1/2-1/2

[Event "zonal 1.1 (w)"]
[Site "Chambery FRA"]
[Date "1995.08.??"]
[Round "2"]
[White "Cuevas Rodriguez, Maria Luisa"]
[Black "Lalic, Susan"]
[Result "0-1"]
[WhiteElo "2245"]
[BlackElo "2315"]
[EventDate "1995.08.04"]
[PlyCount "68"]

1.d4 Nf6 2.c4 e6 3.g3 d5 4.Nf3 dxc4 5.Bg2 Bd7 6.Ne5 Bc6 7.Nxc6 Nxc6 8.O-O 
Qd7 9.e3 Rb8 10.Qc2 b5 11.b3 Nb4 12.Qe2 cxb3 13.axb3 a6 14.Ba3 Rb6 15.Rc1 
Be7 16.Rc5 Nc6 17.Nd2 Nd5 18.Qg4 h5 19.Qxg7 Bf6 20.Rxd5 Bxg7 21.Rxd7 Kxd7 
22.Bc5 Rbb8 23.Rxa6 Ne7 24.Ra7 Nd5 25.e4 Nc3 26.d5 Ra8 27.Rxa8 Rxa8 28.Bf3
Ra2 29.Nf1 h4 30.gxh4 Ne2+ 31.Kg2 Nf4+ 32.Kg3 Nd3 33.Be3 Be5+ 34.Kg2 Ne1+ 
0-1

[Event "zonal 1.1 (w)"]
[Site "Chambery FRA"]
[Date "1995.08.??"]
[Round "2"]
[White "Calzetta Ruiz, Monica"]
[Black "Flear, Christine"]
[Result "1-0"]
[WhiteElo "2130"]
[BlackElo "2235"]
[EventDate "1995.08.04"]
[PlyCount "81"]

1.e4 e5 2.Nf3 Nc6 3.Bb5 a6 4.Ba4 Nf6 5.Qe2 b5 6.Bb3 Be7 7.c3 O-O 8.d4 d6 
9.O-O Bg4 10.Rd1 exd4 11.cxd4 d5 12.exd5 Nxd5 13.Qe4 Be6 14.Nc3 Ncb4 15.
Qe2 Re8 16.Ne4 a5 17.Qxb5 a4 18.Bxd5 Bxd5 19.Nc3 Bxf3 20.gxf3 Nc2 21.Rb1 
Nxd4 22.Qh5 c5 23.Be3 Ra6 24.Kh1 Bf8 25.Ne4 Qc7 26.Rg1 Ree6 27.Rg3 Qe5 28.
Rg5 g6 29.Rxe5 gxh5 30.Rxh5 Nxf3 31.Nxc5 Bxc5 32.Rxc5 Rg6 33.Rd1 Rad6 34.
Rdc1 Rg4 35.Rf5 Nh4 36.Rg5+ Rxg5 37.Bxg5 Nf3 38.Bf4 Rb6 39.Kg2 Nd4 40.Rc8+
Kg7 41.Be5+ 1-0

[Event "zonal 1.1 (w)"]
[Site "Chambery FRA"]
[Date "1995.08.??"]
[Round "3"]
[White "Riegler, Alessandra"]
[Black "Etchegaray, Malina"]
[Result "0-1"]
[WhiteElo "2000"]
[BlackElo "2175"]
[EventDate "1995.08.04"]
[PlyCount "60"]

1.e4 c5 2.Nf3 Nc6 3.d4 cxd4 4.Nxd4 g6 5.Be3 Bg7 6.Nc3 Nf6 7.f3 O-O 8.Bc4 
Qb6 9.Bb5 Nxe4 10.Bxc6 Nxc3 11.bxc3 dxc6 12.O-O Qc7 13.Qc1 c5 14.Ne2 Re8 
15.Qe1 b6 16.Rd1 Ba6 17.Rf2 Rad8 18.Bd2 Rd7 19.Ng3 Red8 20.Ne4 Be5 21.g3 
Bb7 22.Rb1 h5 23.Qe3 Bg7 24.Rbf1 Qc6 25.Qf4 Qe6 26.Ng5 Qxa2 27.c4 e5 28.
Qe3 Qxc2 29.Bc3 Rd3 30.Rxc2 Rxe3 0-1

[Event "zonal 1.1 (w)"]
[Site "Chambery FRA"]
[Date "1995.08.??"]
[Round "3"]
[White "Lauterbach, Ingrid"]
[Black "Wuts, Helene"]
[Result "1-0"]
[WhiteElo "2175"]
[BlackElo "2130"]
[EventDate "1995.08.04"]
[PlyCount "119"]

1.e4 e6 2.d3 d5 3.Nd2 Nf6 4.Ngf3 c5 5.g3 Nc6 6.Bg2 Be7 7.O-O b6 8.Re1 Bb7 
9.e5 Nd7 10.Nf1 Qc7 11.Bf4 h6 12.h4 O-O-O 13.c3 Rdg8 14.d4 g5 15.hxg5 hxg5
16.Be3 f5 17.exf6 Bxf6 18.dxc5 bxc5 19.Rc1 g4 20.N3h2 Nce5 21.b4 Nc4 22.
Nxg4 Nxe3 23.Nfxe3 Rh5 24.bxc5 Rgh8 25.Nxf6 Nxf6 26.Qd4 e5 27.Qa4 Ne4 28.
c6 Bxc6 29.Qa6+ Kd8 30.Red1 Nc5 31.Qa3 d4 32.f3 Ne6 33.cxd4 exd4 34.Nf1 
Ra5 35.Qb2 Qd6 36.Qc2 Rc5 37.Qg6 Re8 38.Qf6+ Kc8 39.Rb1 Rf8 40.Qg6 Rg5 41.
Qh7 Rg7 42.Qd3 Bb7 43.Rd2 Ba6 44.Qe4 d3 45.Rc1+ Nc5 46.Qb4 Rg5 47.f4 Rh5 
48.Bf3 Rff5 49.Bxh5 Rxh5 50.Rb2 Kd7 51.Qc3 Ne6 52.Qb4 Rc5 53.Rxc5 Nxc5 54.
Ne3 Qf6 55.Ng4 Qd6 56.Rh2 Qe7 57.Ne5+ Kc7 58.Qa5+ Kb7 59.Rb2+ Kc8 60.Rb8+ 
1-0

[Event "zonal 1.1 (w)"]
[Site "Chambery FRA"]
[Date "1995.08.??"]
[Round "3"]
[White "Flear, Christine"]
[Black "Cuevas Rodriguez, Maria Luisa"]
[Result "1-0"]
[WhiteElo "2235"]
[BlackElo "2245"]
[EventDate "1995.08.04"]
[PlyCount "51"]

1.d4 d5 2.c4 e6 3.Nc3 f5 4.Nf3 Nf6 5.Bf4 c6 6.e3 Be7 7.Qc2 O-O 8.Bd3 Ne4 
9.g4 Na6 10.a3 Nc7 11.gxf5 exf5 12.Bxc7 Qxc7 13.cxd5 Nxc3 14.Qxc3 Qd6 15.
dxc6 bxc6 16.Ne5 Be6 17.Qxc6 Qxc6 18.Nxc6 Bd6 19.Rc1 Rfe8 20.Kd2 Kh8 21.f4
Bd5 22.Rhe1 g6 23.Ne5 Rab8 24.Rc2 Bb3 25.Rc3 Ba4 26.Nf7+ 1-0

[Event "zonal 1.1 (w)"]
[Site "Chambery FRA"]
[Date "1995.08.??"]
[Round "3"]
[White "Lalic, Susan"]
[Black "Regan, Natasha"]
[Result "1/2-1/2"]
[WhiteElo "2315"]
[BlackElo "2140"]
[EventDate "1995.08.04"]
[PlyCount "125"]

1.e4 Nf6 2.e5 Nd5 3.Nc3 Nxc3 4.bxc3 d5 5.Ba3 b6 6.d4 c5 7.Nf3 Qd7 8.Rb1 
Ba6 9.Bxa6 Nxa6 10.O-O e6 11.Qe2 Qa4 12.dxc5 Nxc5 13.Nd4 a6 14.Bxc5 Bxc5 
15.Nb3 O-O 16.Nxc5 bxc5 17.f4 Rab8 18.Rxb8 Rxb8 19.f5 Qe4 20.Qxa6 exf5 21.
Qd6 Rc8 22.a4 g6 23.a5 Qe3+ 24.Kh1 Re8 25.a6 Qxe5 26.Qxc5 Qe2 27.Ra1 Qc4 
28.Qxc4 dxc4 29.a7 Ra8 30.Kg1 Kf8 31.Kf2 Ke7 32.Ke3 Kd6 33.Kd4 Kc6 34.Kxc4
Kb7 35.Kb5 Rxa7 36.Re1 Kc8 37.c4 Rb7+ 38.Kc5 Rc7+ 39.Kd4 Rd7+ 40.Kc3 f4 
41.Re4 g5 42.Re5 h6 43.c5 Kc7 44.Rf5 Re7 45.Kd4 Rd7+ 46.Ke4 Kc6 47.Kf3 Re7
48.Rf6+ Kxc5 49.Rxh6 Re3+ 50.Kg4 Re2 51.g3 Rxc2 52.Kxg5 fxg3 53.hxg3 Kd5 
54.Rf6 Rc7 55.g4 Ke5 56.Rf1 Re7 57.Rf5+ Ke6 58.Kh6 Rc7 59.Kg7 Rc4 60.Rf6+ 
Ke5 61.g5 Rg4 62.Kh6 Rh4+ 63.Kg7 1/2-1/2

[Event "zonal 1.1 (w)"]
[Site "Chambery FRA"]
[Date "1995.08.??"]
[Round "4"]
[White "Etchegaray, Malina"]
[Black "Lauterbach, Ingrid"]
[Result "1/2-1/2"]
[WhiteElo "2175"]
[BlackElo "2175"]
[EventDate "1995.08.04"]
[PlyCount "70"]

1.d4 d6 2.e4 Nf6 3.f3 c6 4.Be3 Nbd7 5.c4 e5 6.d5 c5 7.Nc3 g6 8.Bd3 a6 9.
Nge2 Bg7 10.Qd2 Rb8 11.g4 h5 12.gxh5 Nxh5 13.O-O-O Qa5 14.Kb1 Ndf6 15.Ng3 
Bd7 16.Bg5 b5 17.Nxh5 Rxh5 18.h4 bxc4 19.Bxc4 Rb4 20.Be2 Rd4 21.Qc1 Rh8 
22.Rdg1 Rb4 23.Bd2 Rb7 24.Nd1 Qc7 25.Bxa6 Ra7 26.Bc4 Ke7 27.Bg5 Qa5 28.Nc3
Qb4 29.Bb3 Rb7 30.h5 gxh5 31.Bd2 Bf8 32.Ne2 Qb6 33.Nc3 Qb4 34.Ne2 Qb6 35.
Nc3 Qb4 1/2-1/2

[Event "zonal 1.1 (w)"]
[Site "Chambery FRA"]
[Date "1995.08.??"]
[Round "4"]
[White "Cuevas Rodriguez, Maria Luisa"]
[Black "Regan, Natasha"]
[Result "1/2-1/2"]
[WhiteElo "2245"]
[BlackElo "2140"]
[EventDate "1995.08.04"]
[PlyCount "95"]

1.d4 Nf6 2.c4 g6 3.Nf3 Bg7 4.g3 d5 5.Bg2 dxc4 6.O-O O-O 7.Na3 c3 8.bxc3 c5
9.Nc4 Nc6 10.Nfe5 Be6 11.Nxc6 bxc6 12.Qd3 cxd4 13.cxd4 Rc8 14.Ba3 Nd5 15.
Rac1 Nb6 16.Na5 Bd7 17.Bxc6 Bh3 18.Rfd1 Na8 19.Nb7 Qb6 20.d5 Bf6 21.Rb1 
Qc7 22.Nc5 Nb6 23.Ne4 Bg7 24.Ng5 Bf5 25.e4 Bg4 26.f3 h6 27.fxg4 hxg5 28.
Rbc1 Qe5 29.Rc2 Rfd8 30.Rf1 Rc7 31.Kg2 Nd7 32.d6 Rxc6 33.Rxc6 Nf6 34.Re1 
Nxg4 35.d7 Qa5 36.Rec1 Ne5 37.Qd5 Qxa3 38.Rc8 Qf3+ 39.Kg1 Qe3+ 40.Kf1 Qf3+
41.Ke1 Qe3+ 42.Kd1 Qg1+ 43.Kc2 Qf2+ 44.Qd2 Qb6 45.Rb1 Nxd7 46.Qxd7 Qf2+ 
47.Kb3 Qb6+ 48.Kc2 1/2-1/2

[Event "zonal 1.1 (w)"]
[Site "Chambery FRA"]
[Date "1995.08.??"]
[Round "4"]
[White "Wuts, Helene"]
[Black "Lalic, Susan"]
[Result "0-1"]
[WhiteElo "2130"]
[BlackElo "2315"]
[EventDate "1995.08.04"]
[PlyCount "60"]

1.e4 c6 2.d4 d5 3.exd5 cxd5 4.c4 Nf6 5.Nc3 Nc6 6.Nf3 Bg4 7.cxd5 Nxd5 8.Qb3
Bxf3 9.gxf3 Nb6 10.Be3 e6 11.O-O-O Be7 12.d5 exd5 13.Nxd5 Nxd5 14.Rxd5 Qc7
15.Qc4 O-O 16.Rg1 Bf6 17.Rf5 Qe7 18.Bd3 Ne5 19.Qe4 Nxd3+ 20.Qxd3 Rfd8 21.
Qb3 Qc7+ 22.Bc5 Qxh2 23.Re1 Rac8 24.Kb1 b6 25.Be3 Qg2 26.Qa4 Qg6 27.Qg4 
Rc4 28.Bf4 h5 29.Qxg6 fxg6 30.b3 Rcd4 0-1

[Event "zonal 1.1 (w)"]
[Site "Chambery FRA"]
[Date "1995.08.??"]
[Round "4"]
[White "Calzetta Ruiz, Monica"]
[Black "Riegler, Alessandra"]
[Result "1/2-1/2"]
[WhiteElo "2130"]
[BlackElo "2000"]
[EventDate "1995.08.04"]
[PlyCount "68"]

1.e4 c5 2.Nf3 Nc6 3.d4 cxd4 4.Nxd4 g6 5.c4 Bg7 6.Be3 Nf6 7.Nc3 O-O 8.Be2 
d6 9.O-O Bd7 10.f3 a6 11.Qd2 Re8 12.Rab1 Rc8 13.Rbc1 Ne5 14.Nd1 Rc7 15.b4 
Qc8 16.Nb2 Be6 17.b5 Nxc4 18.Nxc4 Bxc4 19.b6 Rc5 20.Bxc4 Rxc4 21.Rxc4 Qxc4
22.Rc1 Qa4 23.Rc7 Rb8 24.Nc6 bxc6 25.b7 Bf8 26.Ba7 Rxb7 27.Rxb7 c5 28.Rb1 
Nd7 29.Bb6 Bg7 30.Ba5 Bd4+ 31.Kh1 Qc4 32.h3 Nf6 33.Qh6 Nd7 34.Qd2 Nf6 
1/2-1/2

[Event "zonal 1.1 (w)"]
[Site "Chambery FRA"]
[Date "1995.08.??"]
[Round "5"]
[White "Riegler, Alessandra"]
[Black "Flear, Christine"]
[Result "1/2-1/2"]
[WhiteElo "2000"]
[BlackElo "2235"]
[EventDate "1995.08.04"]
[PlyCount "105"]

1.e4 e5 2.Nf3 Nc6 3.Bb5 a6 4.Bxc6 dxc6 5.O-O Bd6 6.d3 Ne7 7.Be3 Ng6 8.Nc3 
O-O 9.h3 h6 10.Ne2 c5 11.Qd2 Kh7 12.Ng3 f5 13.exf5 Bxf5 14.Nxf5 Rxf5 15.
Qe2 Qe7 16.Rae1 Raf8 17.Nd2 Qf7 18.a4 Qd5 19.Ne4 Nf4 20.Bxf4 exf4 21.Nxd6 
cxd6 22.Qe4 Qf7 23.Qe7 Qh5 24.Kh2 R8f6 25.Re6 Rxe6 26.Qxe6 d5 27.Re1 Rf6 
28.Qe7 f3 29.g3 b6 30.Re5 Rf5 31.Rxf5 Qxf5 32.Qe3 d4 33.Qe7 c4 34.Qa3 b5 
35.axb5 axb5 36.b4 h5 37.dxc4 bxc4 38.Qc1 d3 39.cxd3 cxd3 40.Qe3 Qd5 41.
Qd2 Kg6 42.h4 Kh7 43.Kg1 Qf5 44.Qe3 Qd5 45.Qd2 g6 46.Kf1 Qe5 47.Qd1 Qe4 
48.Qd2 Kg7 49.b5 Qd4 50.b6 Qxb6 51.Qxd3 Qc6 52.Ke1 Qc1+ 53.Qd1 1/2-1/2

[Event "zonal 1.1 (w)"]
[Site "Chambery FRA"]
[Date "1995.08.??"]
[Round "5"]
[White "Lalic, Susan"]
[Black "Etchegaray, Malina"]
[Result "1/2-1/2"]
[WhiteElo "2315"]
[BlackElo "2175"]
[EventDate "1995.08.04"]
[PlyCount "69"]

1.e4 c5 2.c3 d5 3.exd5 Qxd5 4.d4 cxd4 5.cxd4 Nc6 6.Nf3 e5 7.Nc3 Bb4 8.Bd2 
Bxc3 9.Bxc3 e4 10.Ne5 Nxe5 11.dxe5 Ne7 12.Qa4+ Bd7 13.Qb4 a5 14.Qb6 O-O 
15.Rd1 Qc6 16.Qe3 Nd5 17.Qxe4 Nxc3 18.Qxc6 Bxc6 19.bxc3 Rae8 20.f4 g5 21.
Bc4 gxf4 22.O-O f3 23.Rfe1 fxg2 24.Bd5 Rc8 25.e6 Bxd5 26.e7 Rfe8 27.Rxd5 
f6 28.Rh5 Rxc3 29.Rf5 Kf7 30.Rh5 Kg6 31.Rh4 Rc7 32.Rg4+ Kf7 33.Rh4 Kg6 34.
Rg4+ Kf7 35.Rh4 1/2-1/2

[Event "zonal 1.1 (w)"]
[Site "Chambery FRA"]
[Date "1995.08.??"]
[Round "5"]
[White "Lauterbach, Ingrid"]
[Black "Calzetta Ruiz, Monica"]
[Result "0-1"]
[WhiteElo "2175"]
[BlackElo "2130"]
[EventDate "1995.08.04"]
[PlyCount "142"]

1.e4 c5 2.Nf3 d6 3.d4 cxd4 4.Qxd4 Nc6 5.Bb5 Bd7 6.Bxc6 Bxc6 7.c4 Nf6 8.Nc3
g6 9.O-O Bg7 10.Qd3 O-O 11.Nd4 Ng4 12.b3 Qb6 13.Nc2 Bxc3 14.Qxc3 Bxe4 15.
h3 Nf6 16.Bh6 Rfc8 17.Ne3 d5 18.Qe5 Qc7 19.Qxc7 Rxc7 20.f3 Bd3 21.Rfd1 
dxc4 22.Rac1 Rac8 23.bxc4 Bf5 24.Rd4 Be6 25.Rcd1 Rd7 26.Rxd7 Nxd7 27.Nd5 
Bxd5 28.cxd5 f6 29.Bd2 Kf7 30.Bb4 Rc4 31.Ba3 b6 32.Rd2 Ke8 33.Re2 Nc5 34.
d6 e5 35.g3 Kd7 36.f4 Kxd6 37.Bb2 Nd7 38.Rd2+ Ke6 39.Ba3 Rd4 40.Rc2 exf4 
41.gxf4 Kf5 42.Bc1 Nc5 43.Be3 Rd5 44.Kg2 h5 45.Kf3 Ne6 46.Rc3 Nd4+ 47.Kf2 
b5 48.Ra3 Nc2 49.Rxa7 Nxe3 50.Kxe3 Rc5 51.Ra3 Rc4 52.Rb3 Re4+ 53.Kf3 Rxf4+
54.Kg3 h4+ 55.Kg2 b4 56.a4 Ke5 57.a5 Kd5 58.Rb1 Kc6 59.a6 Kb6 60.Ra1 Ka7 
61.Ra4 g5 62.Ra5 Rc4 63.Ra4 Rc2+ 64.Kf3 b3 65.Ke4 b2 66.Rb4 Rc4+ 67.Rxc4 
b1=Q+ 68.Kd4 Kxa6 69.Rc6+ Kb7 70.Re6 f5 71.Ke5 Qe4+ 0-1

[Event "zonal 1.1 (w)"]
[Site "Chambery FRA"]
[Date "1995.08.??"]
[Round "5"]
[White "De Kleuver, Esther"]
[Black "Cuevas Rodriguez, Maria Luisa"]
[Result "1/2-1/2"]
[WhiteElo "2155"]
[BlackElo "2245"]
[EventDate "1995.08.04"]
[PlyCount "104"]

1.e4 e5 2.Nf3 Nc6 3.Nc3 Nf6 4.g3 Bc5 5.Bg2 a6 6.O-O d6 7.d3 O-O 8.Be3 Bxe3
9.fxe3 Ne7 10.Nh4 d5 11.Qf3 c6 12.Nf5 Nxf5 13.exf5 Re8 14.g4 e4 15.dxe4 
Nxe4 16.Nxe4 Rxe4 17.Qg3 Re8 18.Rae1 f6 19.Kh1 Re5 20.e4 d4 21.Rd1 c5 22.
c3 Qb6 23.cxd4 cxd4 24.g5 Bd7 25.gxf6 Qxf6 26.Rxd4 Rxf5 27.exf5 Qxd4 28.
Qb3+ Kh8 29.Qxb7 Re8 30.Qxa6 Qxb2 31.f6 gxf6 32.Qxf6+ Qxf6 33.Rxf6 Re1+ 
34.Rf1 Re2 35.Bd5 Ba4 36.Rg1 Re8 37.h3 Rd8 38.Bb3 Bxb3 39.axb3 Rd3 40.Rb1 
Rxh3+ 41.Kg2 Rh6 42.b4 Rb6 43.b5 Kg7 44.Kf3 Kf6 45.Ke4 h5 46.Kd5 Kg5 47.
Kc5 Rb8 48.b6 h4 49.Kc6 h3 50.Kc7 Rh8 51.b7 Kg4 52.b8=Q Rxb8 1/2-1/2

[Event "zonal 1.1 (w)"]
[Site "Chambery FRA"]
[Date "1995.08.??"]
[Round "5"]
[White "Regan, Natasha"]
[Black "Wuts, Helene"]
[Result "1-0"]
[WhiteElo "2140"]
[BlackElo "2130"]
[EventDate "1995.08.04"]
[PlyCount "95"]

1.e4 e6 2.d4 d5 3.Nc3 Nf6 4.Bg5 Be7 5.e5 Nfd7 6.h4 c5 7.Nb5 f6 8.exf6 Nxf6
9.dxc5 Bxc5 10.Nh3 a6 11.Bxf6 gxf6 12.Qh5+ Ke7 13.Nc3 Qe8 14.Qh6 Qg6 15.
Qd2 Qh5 16.Nf4 Qe5+ 17.Be2 Qd4 18.Nd3 Bd6 19.O-O-O Nc6 20.Qh6 f5 21.g4 Qf6
22.Qd2 fxg4 23.Bxg4 h5 24.Rde1 Qh6 25.Nxd5+ Kd8 26.Qxh6 Rxh6 27.Nb6 hxg4 
28.Nxa8 b5 29.Rhg1 Rxh4 30.Nb6 Bb7 31.Rxe6 Bc7 32.Nd5 Nd4 33.Nxc7 Kxc7 34.
Re7+ Kd6 35.Rge1 Bf3 36.c3 Nc6 37.R7e6+ Kc7 38.Kd2 Bd5 39.Rg6 Bxa2 40.Rg1 
Bc4 41.R6xg4 Bxd3 42.Rxh4 Bc4 43.Rh6 a5 44.Rg7+ Kb6 45.Ke3 Bd5 46.f4 a4 
47.f5 Kc5 48.Rc7 1-0

[Event "zonal 1.1 (w)"]
[Site "Chambery FRA"]
[Date "1995.08.??"]
[Round "6"]
[White "Etchegaray, Malina"]
[Black "Regan, Natasha"]
[Result "1/2-1/2"]
[WhiteElo "2175"]
[BlackElo "2140"]
[EventDate "1995.08.04"]
[PlyCount "61"]

1.d4 c5 2.d5 f5 3.Nc3 Nf6 4.e4 fxe4 5.g4 e6 6.dxe6 dxe6 7.Qxd8+ Kxd8 8.Bg5
Be7 9.O-O-O+ Nbd7 10.Bxf6 gxf6 11.Bc4 Ke8 12.Bxe6 Ne5 13.Bxc8 Rxc8 14.Nxe4
Nxg4 15.h3 Ne5 16.f4 Nc6 17.Ne2 Kf7 18.c3 Rcd8 19.N2g3 Kg6 20.f5+ Kf7 21.
Nh5 Ne5 22.Rxd8 Rxd8 23.Rg1 h6 24.Rg7+ Kf8 25.Rg1 Kf7 26.Rg7+ Kf8 27.Rg3 
Nd3+ 28.Kc2 Ne1+ 29.Kc1 Nd3+ 30.Kc2 Ne1+ 31.Kc1 1/2-1/2

[Event "zonal 1.1 (w)"]
[Site "Chambery FRA"]
[Date "1995.08.??"]
[Round "6"]
[White "Cuevas Rodriguez, Maria Luisa"]
[Black "Wuts, Helene"]
[Result "1-0"]
[WhiteElo "2245"]
[BlackElo "2130"]
[EventDate "1995.08.04"]
[PlyCount "45"]

1.d4 Nf6 2.c4 g6 3.Nf3 Bg7 4.g3 d5 5.cxd5 Nxd5 6.Bg2 O-O 7.O-O c6 8.Nc3 
Bf5 9.Qb3 Qd7 10.Ne5 Bxe5 11.dxe5 Nxc3 12.Qxc3 f6 13.Bh6 Na6 14.Bxf8 Rxf8 
15.Rfd1 Qe6 16.exf6 exf6 17.Rd2 Qe7 18.Bxc6 bxc6 19.Qc4+ Kh8 20.Qxa6 Qe4 
21.Qxa7 Bh3 22.f3 Qe5 23.Qd4 1-0

[Event "zonal 1.1 (w)"]
[Site "Chambery FRA"]
[Date "1995.08.??"]
[Round "6"]
[White "Calzetta Ruiz, Monica"]
[Black "Lalic, Susan"]
[Result "1/2-1/2"]
[WhiteElo "2130"]
[BlackElo "2315"]
[EventDate "1995.08.04"]
[PlyCount "46"]

1.e4 c6 2.d4 d5 3.exd5 cxd5 4.c4 Nf6 5.Nc3 Nc6 6.Bg5 Qa5 7.Bxf6 exf6 8.a3 
dxc4 9.Bxc4 Bd6 10.d5 Ne5 11.Bb5+ Kf8 12.Ne2 g6 13.O-O Kg7 14.Nd4 f5 15.h3
Qd8 16.f4 Nd7 17.Bxd7 Bxd7 18.Kh1 Re8 19.Qd2 a6 20.Nf3 Rc8 21.Rae1 Qf6 22.
Rxe8 Rxe8 23.g3 b5 1/2-1/2

[Event "zonal 1.1 (w)"]
[Site "Chambery FRA"]
[Date "1995.08.??"]
[Round "6"]
[White "De Kleuver, Esther"]
[Black "Riegler, Alessandra"]
[Result "1-0"]
[WhiteElo "2155"]
[BlackElo "2000"]
[EventDate "1995.08.04"]
[PlyCount "63"]

1.e4 c5 2.c3 d5 3.exd5 Qxd5 4.d4 cxd4 5.cxd4 Nc6 6.Nf3 e6 7.Be3 Nf6 8.Nc3 
Bb4 9.Bd3 b5 10.Qe2 a6 11.O-O Bxc3 12.bxc3 Bb7 13.Bg5 Rc8 14.a4 bxa4 15.
Rxa4 a5 16.Rb1 Rc7 17.Rb5 Qd7 18.Bxf6 gxf6 19.d5 Nd8 20.c4 Rg8 21.Raxa5 
Kf8 22.Qd2 exd5 23.cxd5 Rxg2+ 24.Kxg2 Qg4+ 25.Kf1 Qh3+ 26.Ke2 Re7+ 27.Kd1 
Qxf3+ 28.Kc2 Bc8 29.d6 Re6 30.Rb8 Qc6+ 31.Qc3 Rxd6 32.Rxc8 1-0

[Event "zonal 1.1 (w)"]
[Site "Chambery FRA"]
[Date "1995.08.??"]
[Round "7"]
[White "Wuts, Helene"]
[Black "Etchegaray, Malina"]
[Result "0-1"]
[WhiteElo "2130"]
[BlackElo "2175"]
[EventDate "1995.08.04"]
[PlyCount "78"]

1.e4 Nf6 2.Nc3 d5 3.exd5 Nxd5 4.d4 Nxc3 5.bxc3 c5 6.Nf3 g6 7.Bf4 Bg7 8.Qd2
Qa5 9.Ne5 O-O 10.Nc4 Qd8 11.Bh6 Bxh6 12.Qxh6 b5 13.Nd2 cxd4 14.cxd4 Qxd4 
15.Rd1 Qe5+ 16.Be2 Bb7 17.f3 Nd7 18.Kf1 Nf6 19.Bd3 a6 20.Re1 Qc5 21.Nb3 
Qd6 22.Qe3 Rfe8 23.Na5 Bd5 24.c4 Qc7 25.cxd5 Qxa5 26.Qe5 Qd2 27.Be4 Rad8 
28.Qc7 Nxd5 29.Bxd5 Rxd5 30.Qc6 Qd3+ 31.Re2 Red8 32.Kf2 Qd4+ 33.Re3 Rc5 
34.Qe4 Qxe4 35.Rxe4 Rd2+ 36.Kg3 Rxa2 37.Rxe7 Rcc2 38.Rg1 h5 39.Ra7 Kg7 0-1

[Event "zonal 1.1 (w)"]
[Site "Chambery FRA"]
[Date "1995.08.??"]
[Round "7"]
[White "Lauterbach, Ingrid"]
[Black "De Kleuver, Esther"]
[Result "1-0"]
[WhiteElo "2175"]
[BlackElo "2155"]
[EventDate "1995.08.04"]
[PlyCount "107"]

1.e4 c5 2.Nf3 e6 3.d3 d5 4.Nbd2 Nc6 5.g3 Nf6 6.Bg2 Be7 7.O-O b6 8.Re1 Qc7 
9.c3 Ba6 10.Nf1 Rd8 11.e5 Nd7 12.Bf4 O-O 13.h4 b5 14.N1h2 b4 15.h5 Qa5 16.
Qd2 Rb8 17.Ng4 Rb7 18.Bg5 Qd8 19.Bxe7 Qxe7 20.c4 dxc4 21.dxc4 Bxc4 22.Ng5 
Bb5 23.Be4 h6 24.Nh7 Rd8 25.Qf4 Nf8 26.Nxh6+ Kh8 27.Nxf8 Qxf8 28.Ng4 Rd4 
29.Qf3 Rc7 30.Kg2 Ne7 31.Rh1 Rxe4 32.h6 Nf5 33.hxg7+ Kxg7 34.Nf6 Nh4+ 35.
gxh4 Rxe5 36.Nh5+ Kh7 37.Kh3 Bc6 38.Nf6+ Kh8 39.Qf4 Rf5 40.Qxc7 Bxh1 41.
Rd1 Bd5 42.Rg1 Rf3+ 43.Rg3 Rxg3+ 44.fxg3 Bxa2 45.g4 Qa8 46.Kg3 Kg7 47.Nh5+
Kg8 48.Qe5 f6 49.Nxf6+ Kf7 50.g5 Qd8 51.Qxc5 Qd3+ 52.Kf4 Qd2+ 53.Qe3 e5+ 
54.Kf3 1-0

[Event "zonal 1.1 (w)"]
[Site "Chambery FRA"]
[Date "1995.08.??"]
[Round "7"]
[White "Regan, Natasha"]
[Black "Calzetta Ruiz, Monica"]
[Result "0-1"]
[WhiteElo "2140"]
[BlackElo "2130"]
[EventDate "1995.08.04"]
[PlyCount "92"]

1.f4 c5 2.Nf3 g6 3.g3 Bg7 4.Bg2 Nc6 5.d3 d5 6.O-O e6 7.c3 Nge7 8.Qe1 d4 9.
Na3 O-O 10.Bd2 Rb8 11.Rb1 b5 12.Nc2 a5 13.Qf2 b4 14.c4 b3 15.axb3 Rxb3 16.
Bc1 Bd7 17.h3 Qc7 18.Kh1 a4 19.Nd2 Rb6 20.Ra1 Rfb8 21.Ne1 Nb4 22.Ndf3 Nf5 
23.Ne5 Be8 24.g4 Ne3 25.Bxe3 dxe3 26.Qxe3 Nc6 27.Qxc5 Bf8 28.Qe3 Nxe5 29.
fxe5 Rxb2 30.Nf3 a3 31.Ng5 Bh6 32.Rxa3 Qe7 33.Qf2 Qxg5 34.Ra7 Qxe5 35.Be4 
Rb1 36.Rxb1 Rxb1+ 37.Kg2 Rb8 38.c5 Bf8 39.c6 Bc5 40.Ra5 Bxf2 41.Rxe5 Bd4 
42.Ra5 Rc8 43.Ra4 Bg7 44.Rc4 Kf8 45.d4 Ke7 46.c7 Kd6 0-1

[Event "zonal 1.1 (w)"]
[Site "Chambery FRA"]
[Date "1995.08.??"]
[Round "7"]
[White "Riegler, Alessandra"]
[Black "Cuevas Rodriguez, Maria Luisa"]
[Result "0-1"]
[WhiteElo "2000"]
[BlackElo "2245"]
[EventDate "1995.08.04"]
[PlyCount "58"]

1.e4 e5 2.Nf3 Nc6 3.Bc4 Bc5 4.c3 Qe7 5.d4 Bb6 6.O-O d6 7.h3 Nf6 8.Re1 h6 
9.b4 a6 10.Na3 g5 11.d5 Nb8 12.Nc2 Nbd7 13.Qd3 Nh5 14.Be3 Nf4 15.Qf1 Qf6 
16.Be2 h5 17.Nh2 g4 18.hxg4 hxg4 19.Bxg4 Qh4 20.Bxf4 exf4 21.Bh3 Ne5 22.
Nd4 f3 23.Nhxf3 Nxf3+ 24.Nxf3 Qg3 25.Nd4 Qxc3 26.Bxc8 Bxd4 27.Bh3 Qg3 28.
Re3 Bxe3 29.fxe3 Rxh3 0-1